[Event "Oberoesterreich-ch op"]
[Site "Traun"]
[Date "2017.04.12"]
[Round "6"]
[White "Wurdinger, Helmut"]
[Black "Berger, Stefan2222"]
[Result "1/2-1/2"]
[WhiteElo "2031"]
[BlackElo "1955"]
[PlyCount "45"]
[EventDate "2017.04.07"]
[EventType "swiss"]
[EventRounds "9"]
[EventCountry "AUT"]
[SourceTitle "EXT 2024"]
[Source "ChessBase"]
[SourceDate "2023.10.10"]
[SourceVersion "1"]
[SourceVersionDate "2023.10.10"]
[SourceQuality "1"]

1. e4 d6 2. Nf3 e5 3. d4 exd4 4. Nxd4 Nf6 5. Bg5 Be7 6. Bd3 0-0 7. 0-0 Re8 8. Bxf6 Bxf6 9. c3 Nd7 10. Re1 Ne5 11. Be2 c6 12. Nd2 Bd7 13. N4f3 Qc7 14. Nxe5 dxe5 15. Bg4 Rad8 16. Bxd7 Rxd7 17. Qe2 Red8 18. Nf3 Rd3 19. Red1 Qd7 20. Rxd3 Qxd3 21. Qxd3 Rxd3 22. Kf1 Kf8 23. Ke2 1/2-1/2

[Event "Oberoesterreich-ch op"]
[Site "Traun"]
[Date "2017.04.11"]
[Round "5"]
[White "Heuschober, Walter"]
[Black "Wurdinger, Helmut"]
[Result "1/2-1/2"]
[WhiteElo "1919"]
[BlackElo "2031"]
[PlyCount "84"]
[EventDate "2017.04.07"]
[EventType "swiss"]
[EventRounds "9"]
[EventCountry "AUT"]
[SourceTitle "EXT 2024"]
[Source "ChessBase"]
[SourceDate "2023.10.10"]
[SourceVersion "1"]
[SourceVersionDate "2023.10.10"]
[SourceQuality "1"]

1. d4 d5 2. c4 e6 3. Nf3 Nf6 4. Bg5 Be7 5. e3 Nbd7 6. Nc3 c6 7. Rc1 0-0 8. Bd3 h6 9. Bh4 Nh5 10. Bxe7 Qxe7 11. 0-0 Nhf6 12. Qc2 dxc4 13. Bxc4 e5 14. Bb3 exd4 15. exd4 Nb6 16. Rfe1 Qd6 17. Ne4 Nxe4 18. Qxe4 Bd7 19. Qe7 Nc8 20. Qxd6 Nxd6 21. Re7 Rad8 22. Ne5 Be6 23. Bxe6 fxe6 24. Rxe6 Nf5 25. Nf3 Nxd4 26. Nxd4 Rxd4 27. Re2 Rfd8 28. g3 Rd1+ 29. Rxd1 Rxd1+ 30. Kg2 Kf7 31. h4 h5 32. f3 Kf6 33. Kf2 Rd7 34. Rc2 Re7 35. Rd2 g6 36. Rd6+ Kf5 37. Rd4 Kf6 38. g4 hxg4 39. fxg4 c5 40. Rd2 b6 41. Kf3 Kf7 42. Kf4 Kg7 1/2-1/2

[Event "AUT North-ch"]
[Site "Linz"]
[Date "2001.04.13"]
[Round "8"]
[White "Navratil, Robert"]
[Black "Wurdinger, Helmut"]
[Result "1/2-1/2"]
[WhiteElo "2159"]
[BlackElo "2060"]
[PlyCount "89"]
[EventDate "2001.04.06"]
[EventType "swiss"]
[EventRounds "9"]
[EventCountry "AUT"]
[SourceTitle "EXT 2006"]
[Source "ChessBase"]
[SourceDate "2005.11.24"]
[SourceVersion "1"]
[SourceVersionDate "2005.11.24"]
[SourceQuality "1"]

1. e4 c5 2. Nf3 e6 3. d4 cxd4 4. Nxd4 a6 5. Nc3 Nc6 6. Be2 Bc5 7. Nb3 Bb6 8. 0-0 Nge7 9. Kh1 d5 10. exd5 Nxd5 11. Nxd5 Qxd5 12. Bf4 Qxd1 13. Raxd1 e5 14. Be3 Bxe3 15. fxe3 0-0 16. Nc5 f5 17. Bc4+ Kh8 18. Nd7 Bxd7 19. Rxd7 Rab8 20. g3 Rf6 21. Rfd1 e4 22. Bd5 h6 23. c3 Ne5 24. Re7 Ng4 25. Re1 Rd6 26. c4 b5 27. Re2 bxc4 28. Bxc4 Rbd8 29. h3 Nf6 30. Kg2 Rd1 31. Bb3 R1d2 32. Kf2 R8d6 33. Ke1 Rxe2+ 34. Kxe2 Rd8 35. Re6 Nh7 36. h4 Nf6 37. Re5 g6 38. Re6 Ng4 39. Bc4 Nh2 40. Rxg6 Nf3 41. Rxh6+ Kg7 42. Rxa6 Rd2+ 43. Kf1 Nh2+ 44. Ke1 Nf3+ 45. Kf1 1/2-1/2